000 00358 a2200157 4500
001 68006
020 _a9783126761321
040 _cAnchieta - Pituba
100 _aMotta, Giorgio
240 1 0 _aMagnet neu A2
_lpor
245 1 0 _aMagnet neu A2
300 _a80
362 0 _a2007
650 4 _aLínguas germânicas (teutônicas) língua alemã
942 _cBK
999 _c68006
_d68006